000 00603cam a2200229 a 4500
001 953031
005 20180205075548.0
008 841120s1985 nju b 001 0 eng
010 _a 84027525
020 _a0847673952 :
_c$24.50
020 _a0847673960 (pbk.) :
_c$10.95
040 _aDLC
_cDLC
_dDLC
041 _aeng
080 _a174.4
082 0 0 _a174.4 BUCH
_219
100 1 _a24
101 _aFIL
245 1 0 _aEthics, efficiency, and the market /
_cAllen Buchanan.
504 _aBibliography: p. [127]-131.
906 _a7
_bcbc
_corignew
_d1
_eocip
_f19
_gy-gencatlg
942 _2ddc
_cBK
999 _c41794
_d41794